000 00309nam a22001337a 4500
003 SGT
020 _a9390596955
082 _a615.321
_bCHO
100 _aCHOUDHURY ANTARA
245 _aQUALITY CONTROL & STANDARDIZATION OF HERBALS
260 _aINDIA
_bNIRALI PUB
_c2023
300 _a5.13
942 _2ddc
_cBK
999 _c34474
_d34474